দুটি বিদ্রোহের কথা : (Record no. 79973)
[ view plain ]
| 000 -LEADER | |
|---|---|
| fixed length control field | 00996nam a2200253 a 4500 |
| 001 - CONTROL NUMBER | |
| control field | 79973 |
| 003 - CONTROL NUMBER IDENTIFIER | |
| rucl marc code | BD-RjUL |
| 005 - DATE AND TIME OF LATEST TRANSACTION | |
| control field | 20220615153316.0 |
| 008 - FIXED-LENGTH DATA ELEMENTS--GENERAL INFORMATION | |
| fixed length control field | 220615s2021 bg ||||| |||| 00| 0 ben d |
| 020 ## - INTERNATIONAL STANDARD BOOK NUMBER | |
| International Standard Book Number | 9847000004086 |
| 035 ## - SYSTEM CONTROL NUMBER | |
| System control number | (BD-RjUL)79973 |
| 040 ## - CATALOGING SOURCE | |
| Original cataloging agency | BD-RjUL |
| Language of cataloging | eng |
| Transcribing agency | BD-RjUL |
| 041 ## - LANGUAGE CODE | |
| Language code of text/sound track or separate title | ben |
| 082 ## - DEWEY DECIMAL CLASSIFICATION NUMBER | |
| Edition number | 23 |
| Classification number | 954.924 |
| Author mark and year | SHD 2021 |
| 100 ## - MAIN ENTRY--PERSONAL NAME | |
| Personal name | সাহা, বৃন্দাবন |
| 9 (RLIN) | 3641 |
| 245 10 - TITLE STATEMENT | |
| Title | দুটি বিদ্রোহের কথা : |
| Remainder of title | ঠাকুরবাড়ির জমিদারিতে প্রজাদের নাচোলে কৃষকদের / |
| Statement of responsibility, etc. | বৃন্দাবন সাহা |
| 260 ## - PUBLICATION, DISTRIBUTION, ETC. (IMPRINT) | |
| Place of publication, distribution, etc. | ঢাকা : |
| Name of publisher, distributor, etc. | জাতীয় সাহিত্য প্রকাশ, |
| Date of publication, distribution, etc. | ২০২১ |
| 300 ## - PHYSICAL DESCRIPTION | |
| Pagination | ১৩৪ পৃ.; |
| Size | ২২ সেমি. |
| 650 ## - SUBJECT ADDED ENTRY--TOPICAL TERM | |
| Topical term or geographic name as entry element | নাচোল |
| Geographic subdivision | ইতিহাস |
| 9 (RLIN) | 3642 |
| Topical term or geographic name as entry element | Nachol |
| General subdivision | History |
| 9 (RLIN) | 3643 |
| Topical term or geographic name as entry element | বিদ্রোহ |
| 9 (RLIN) | 3644 |
| Topical term or geographic name as entry element | Rebellion |
| 9 (RLIN) | 3645 |
| 942 ## - ADDED ENTRY ELEMENTS (KOHA) | |
| Source of classification or shelving scheme | Dewey Decimal Classification |
| Koha item type | Books |
| Lost status | Source of classification or shelving scheme | Damaged status | Not for loan | Collection code | Permanent Location | Current Location | Shelving location | Date acquired | Source of acquisition | Cost, normal purchase price | Total Checkouts | Full call number | Date last seen | Copy number | Koha item type |
|---|---|---|---|---|---|---|---|---|---|---|---|---|---|---|---|
| Dewey Decimal Classification | Not For Loan | Non-fiction | Central Library, University of Rajshahi | Central Library, University of Rajshahi | Reading Room | 17/04/2022 | Jatiya Sahitya Prakash, Dhaka | 175.00 | B 954.924 SHD 2021 | 15/06/2022 | C-1 | Books | |||
| Dewey Decimal Classification | Non-fiction | Central Library, University of Rajshahi | Central Library, University of Rajshahi | General Stacks | 17/04/2022 | Jatiya Sahitya Prakash, Dhaka | 175.00 | B 954.924 SHD 2021 | 15/06/2022 | C-2 | Books |